HSE publishes inspector training pack for Work at Height Regulations (Record no. 75801)
[ view plain ]
| 000 -LEADER | |
|---|---|
| fixed length control field | 01071cab a2200193 4500 |
| 001 - CONTROL NUMBER | |
| control field | L130805 |
| 008 - FIXED-LENGTH DATA ELEMENTS--GENERAL INFORMATION | |
| fixed length control field | 050901n2005 000 0 eng u |
| 035 ## - SYSTEM CONTROL NUMBER | |
| System control number | (Sirsi) u130805 |
| 041 0# - LANGUAGE CODE | |
| Language code of text/sound track or separate title | eng |
| 245 00 - TITLE STATEMENT | |
| Title | HSE publishes inspector training pack for Work at Height Regulations |
| 260 ## - PUBLICATION, DISTRIBUTION, ETC. | |
| Date of publication, distribution, etc. | 2005 |
| 490 #0 - SERIES STATEMENT | |
| Series statement | Health and Safety Executive Press Release |
| Volume/sequential designation | (E106:05) 18 August 2005 |
| 520 ## - SUMMARY, ETC. | |
| Summary, etc. | The Health and Safety Executive (HSE) has published the pack used to train HSE and Local Authority Inspectors in enforcing the Work at Height Regulations 2005 on its website. The pack gives employers, safety professionals and those who work at height an opportunity to look at information provided to Inspectors and shows examples of good and bad practice that Inspectors look for during their visits. |
| 590 ## - LOCAL NOTE (RLIN) | |
| Local note | IKA130905 |
| 650 24 - SUBJECT ADDED ENTRY--TOPICAL TERM | |
| Topical term or geographic name entry element | WORK AT HEIGHT REGULATIONS 2005 |
| 690 ## - LOCAL SUBJECT ADDED ENTRY--TOPICAL TERM (OCLC, RLIN) | |
| Topical term or geographic name as entry element | MANAGEMENT-HEALTH AND SAFETY-HEALTH AND SAFETY RISK MANAGEMENT |
| 856 ## - ELECTRONIC LOCATION AND ACCESS | |
| Uniform Resource Identifier | <a href="https://www.hse.gov.uk/press/2005/e05106.htm">https://www.hse.gov.uk/press/2005/e05106.htm</a> |
| Public note | View the item free of charge at www.hse.gov.uk... |
| 942 ## - ADDED ENTRY ELEMENTS (KOHA) | |
| Suppress in OPAC | 0 |
| Withdrawn status | Lost status | Source of classification or shelving scheme | Damaged status | Not for loan | Home library | Current library | Shelving location | Date acquired | Total Checkouts | Full call number | Barcode | Date last seen | Copy number | Price effective from | Koha item type |
|---|---|---|---|---|---|---|---|---|---|---|---|---|---|---|---|
| Dewey Decimal Classification | Virtual | Virtual | Online | 01/09/2005 | ONLINE PUBLICATION | 130805-2001 | 06/08/2019 | 1 | 06/08/2019 | Journal article |